000 00591nam a2200193Ia 4500
003 GCL
008 140319s9999 xx 000 0 ara d
040 _aGCL /
_cGCL
082 0 4 _a811.9
_bج ع
100 1 _aجميل علوش
245 1 0 _aعمر ابو ريشة: حياته وشعره مع نصوص مختارة /
_cجميل علوش
260 _a[S.N] :
_bالرواد للنشر والتوزيع ،
_c1994
300 _a214 ص
490 _a
650 0 4 _aالادب العربى
650 0 4 _aدواوين وقصائد
650 0 4 _aالشعراء العرب
942 _2ddc
_cBK
999 _c28574
_d28574